[Event "Match 81__120'/40"]
[Site "Zürich"]
[Date "2025.??.??"]
[Round "26"]
[White "Fidelity Excel Mach III"]
[Black "Scorpio 68000 sel. 4"]
[Result "1-0"]
[Annotator "Utzinger,K"]
[WhiteElo "2020"]
[BlackElo "2043"]
[PlyCount "136"]
[EventDate "2025.??.??"]

{[%evp 0,136,30,29,40,25,29,15,25,0,5,12,18,13,17,11,7,6,6,-3,11,11,4,4,6,5,25,26,13,13,24,24,26,26,21,15,19,19,19,-28,-22,-36,-20,-34,-37,-41,-36,-77,-33,-43,-46,-43,-51,-41,-40,-48,-41,-33,-32,-71,-79,-80,-78,-76,-43,-97,-103,-95,-93,-93,-87,-86,-86,-86,-33,-20,-35,-27,54,47,52,56,43,42,41,46,34,36,46,68,94,89,76,91,104,108,108,108,108,108,129,129,129,128,205,218,219,213,1022,272,315,362,374,392,473,487,505,511,554,558,992,992,1032,1242,1242,1262,1322,9468,9474,9232,9232,1262,1312,1322,1322,9130,29963,1282,1322]} 1. e4 e5 {Match 120'/40 | Bediener: Rolf Bühler | Kommentator: Kurt Utzinger | 26. Partie: Weiss (Mach III gewinnt | Zwischenstand: 14-12 (53,8%) für Mach III | Stand hypothetisch: 14,5-11,5 (55,7%) für Scorpio | Eröffnung: Spanisch, Offene Variante 10.Le3| Buchzüge: 16 von Scorpio, 13 von Mach III | Partieverlauf: Nach dem positionellen Missgriff 30.f4?, der zu einem isolierten schwachen Bauern führt, gerät der Mach III in eine verlorene Stellung. Aber umgehend vergibt der Scorpio 68000 sel. 4 mit 30...Kc6? seinen Vorteil. In einem für beide Kämpfer zu schwierigen Läuferendspiel ist es indessen das Programm von David Kittinger, das verschiedene Ausgleichsmöglichkeiten ungenutzt lässt und schliesslich die Segel streichen muss.} 2. Nf3 Nc6 3. Bb5 a6 4. Ba4 Nf6 5. O-O Nxe4 6. d4 b5 7. Bb3 d5 8. dxe5 Be6 9. c3 Be7 10. Be3 O-O 11. Nbd2 Bg4 12. Nxe4 dxe4 13. Qd5 {***ENDE BUCH*** Stockfish 17.1 Bewertung: = 0.00(50%)/54} Qxd5 14. Bxd5 exf3 15. Bxc6 fxg2 16. Kxg2 Rad8 {***ENDE BUCH*** Stockfish 17.1 Bewertung: = 0.11(50%)/43} 17. a4 {Die beste Wahl.} b4 {Die Öffnung der a-Linie wäre günstig für Weiss.} 18. cxb4 Bxb4 $11 {Ausgleich} 19. f3 Rd3 (19... Be6 $11 {ist gleichwertig}) 20. Bf4 Bf5 21. Rad1 Rfd8 22. Rxd3 Rxd3 23. Kg3 {Der König entzieht sich einem Turmschach auf der 2. Reihe.} Kf8 24. Rc1 Rb3 25. Rd1 {Indirekte Deckung des Bauern b2.} Be7 (25... Rxb2 $4 26. Rd8+ Ke7 27. Re8#) 26. Bc1 Rb4 {Diese Stellung ist schwierig aus dem Gleichgewicht zu bringen.} 27. a5 Bh4+ 28. Kg2 Ke7 29. Kg1 f6 $11 (29... Ke6 30. Bd5+ Kxe5 31. Bd2 Rb8 32. Bc3+ Kd6 33. Bxf7+ Ke7 $11) {[#]} 30. f4 $2 {[%mdl 32768] ***VERLUST*** Weiss lässt sich ohne Not einen schwachen Isolani auf e5 anhängen. Das Spiel neigt sich nun klar zugunsten von Schwarz: -+ (-1.88) (0% +0% =1% -99%) Depth: 45/86. Und erfahrungsgemäss bedeutet eine solch hohe Bewertung für Schwarz, dass Weiss verliert. Eine schwierige Ausgleichsvariante auf Suchtiefe 60 zeigt Rems M-09124.} ({Rems M-091224-bmi2:} 30. b3 {-0.03(50%)/60} Rxb3 31. Bf4 Rc3 32. Bb7 Bd3 33. Bd2 Rb3 34. Bd5 Rb5 35. Bc6 Rb1 36. Rxb1 Bxb1 37. Bd5 Bd3 38. f4 fxe5 39. fxe5 Ke8 40. Kg2 Be7 41. Bc6+ Kf7 42. Bd5+ Kf8 43. Kf3 Bc5 44. Bc3 h6 45. Kg4 g6 46. Kf3 Ke7 47. h4 Kf8 48. Bd2 Kg7 49. Bc3 Be7 50. Be1 Bb5 51. Bb3 h5 52. Kf4 c5 53. Bd5 Bd3 54. Bb7 Bc4 55. Be4 Kh6 56. Kf3 Bd8 57. Bb7 Bf1 58. Ke3 Kg7 59. Kf4 Bc4 60. e6 Bf6 61. Bf2 Bxe6 62. Bxa6 c4 63. Be1 c3 64. Bd3 {[%eval -3,60] [%wdl 4,991,5]}) 30... fxe5 31. fxe5 Ke6 $2 $11 {Rutscht von klarem Vorteil in den Ausgleich.} (31... Rg4+ 32. Kf1 Be6 33. Ke2 Rc4 34. Bb7 Bg4+ 35. Bf3 Bxf3+ 36. Kxf3 Ke6 $19 {und der Bauer e5 fällt}) 32. Be3 Kxe5 33. Bg2 Bf6 34. Bd2 Rg4 (34... Rxb2 $4 35. Bc3+ Ke6 36. Bxb2 $18) 35. h3 Rg6 36. Kh1 Rg3 37. Kh2 Rd3 38. Bf1 Rd6 39. Bc3+ Ke6 40. Rxd6+ Kxd6 41. Bxf6 gxf6 42. Bxa6 $11 {Nachdem es materiell wieder gleich steht, sollte die Partie mit remis enden.} {[#]} Kc5 $2 {[%mdl 2] Das ***VERLIERT*** wieder, was wohl keiner unserer Oldies erkennen kann. Der schwarze König versperrt sich den Zugang über c7, um den gegnerischen a-Bauern aufzuhalten.} (42... c5 {auch 42...c6 genügt} 43. Kg3 h6 44. Bf1 Kc6 45. Kf4 Bg6 46. h4 Kb7 47. Bc4 Bc2 48. Kg4 Bg6 $11) 43. Bf1 $1 {Deckt den h3-Bauer, macht seinen König frei und kann allenfalls seinen Läufer auf der schönen Diagonale h1-a8 einsetzen.} h6 44. Kg3 Bd7 45. Kf2 $2 $11 {Gewinn ade, der beispielsweise wie folgt zu holen war:} (45. h4 Be6 46. b4+ $1 Kc6 (46... Kxb4 47. a6 Bc8 48. a7 Bb7 49. Bg2 c6 50. Kg4 (50. Kf4 $2 Kc5 $11) 50... Kc5 51. Kh5 Kb6 52. Kxh6 Kxa7 53. Kg6 $1 (53. h5 $2 c5 54. Bxb7 Kxb7 55. Kg6 c4 $11) 53... c5 54. Bxb7 Kxb7 55. Kf5 $1 $18) 47. Kf4 Kb7 48. Bd3 Bh3 49. Be2 Be6 50. Bg4 Bc4 51. Bd7 Bd3 52. Kg4 $1 Bg6 53. Bf5 h5+ 54. Kf4 Be8 55. Bd3 Kc6 56. Be2 Kd6 57. Kf5 Ke7 58. a6 Bd7+ 59. Kf4 Bc8 60. a7 Bb7 61. Bxh5 Kd8 62. Bf3 Kc8 63. h5 $18) {[#]} 45... Bc6 $2 $18 {[%mdl 2] ***VERLIERT*** wieder. Nach 45...Lb5 kann Weiss nicht gewinnen.} (45... Bb5 46. a6 Bc6 47. Kg3 f5 48. Kf4 Be4 49. Ke5 Kb6 50. h4 Bc2 51. b4 c6 $11) 46. h4 Ba8 47. Ke3 Bc6 48. Bd3 Bd7 49. Be2 Ba4 50. b4+ Kc6 (50... Kxb4 51. a6 Bc6 52. Bf3 Kc5 53. a7 Kb6 54. Bxc6 Kxa7 55. Ke4 Kb6 56. Bd5 Kb5 57. Kf5 c5 58. Kxf6 c4 59. Bxc4+ Kxc4 60. Kg6 Kd5 61. Kxh6 Ke6 62. Kg7 $18) 51. Kd4 f5 52. Bd3 f4 53. Ke5 Bb5 {Das erlaubt den Übergang in ein gewonnenes Bauernendspiel für Weiss.} 54. Be4+ {Ein menschlicher Spieler würde selbst im Blitzschach das Bauernendspiel wählen.} (54. Bxb5+ Kxb5 55. Kxf4 c5 56. bxc5 Kxa5 57. c6 Kb6 58. Kf5 Kxc6 59. Kg6 Kd6 60. Kxh6 Ke6 61. Kg7 $18) 54... Kd7 55. Kxf4 Kd6 56. Kg4 c5 57. bxc5+ Kxc5 58. Kh5 Be2+ 59. Kxh6 Kb4 (59... Kb5 60. Bf5 Kxa5 61. Kg5 Kb4 62. Bg4 Bd3 63. h5 Kc5 64. h6 Bh7 65. Bf5 Bg8 66. Kf6 Kd6 67. Kg7 $18) 60. Kg5 Kxa5 {Dieses Läuferendspiel vermag nun selbst der Mach III zu gewinnen.} 61. Bf5 Kb4 62. Bg4 Bd3 63. h5 Kc5 64. Bf5 Bc4 65. h6 Bg8 66. Kf6 Kd4 67. Kg7 Ke5 68. Bg6 Bd5 {***AUFGEGEBEN***} 1-0

[Event "Match 81__120'/40"]
[Site "Zürich"]
[Date "2025.??.??"]
[Round "27"]
[White "Scorpio 68000 sel. 4"]
[Black "Fidelity Excel Mach III"]
[Result "0-1"]
[Annotator "Utzinger,K"]
[WhiteElo "2043"]
[BlackElo "2020"]
[PlyCount "121"]
[EventDate "2025.??.??"]

{[%evp 0,121,25,16,58,17,19,-46,-41,-38,-23,-53,-46,-64,-67,-58,-68,-56,-65,-65,-65,-74,-26,-112,-99,-74,-82,-144,-114,-47,-100,-176,-163,-153,-158,-164,-132,-138,-119,-116,-147,-129,-164,-165,-158,-258,-173,-271,-273,-272,-282,-344,-340,-345,-347,-345,-347,-300,-322,-312,-312,-299,-192,-201,-203,-191,-219,-227,-227,-230,-226,-231,-231,-231,-208,-212,-208,-207,-207,-207,-210,-234,-209,-309,-311,-319,-254,-290,-242,-307,-324,-347,-348,-350,-342,-411,-423,-464,-470,-479,-520,-542,-459,-466,-501,-528,-529,-570,-541,-620,-667,-677,-683,-683,-709,-1022,-1022,-1049,-1180,-1926,-1180,-1944,-2101,-2184]} 1. e4 c5 {Match 120'/40 | Bediener: Rolf Bühler | Kommentator: Kurt Utzinger | 27. Partie: Schwarz (Mach III gewinnt | Zwischenstand: 15-12 (55,5%) für Mach III | Stand hypothetisch: 14,5-12,5 (53,7%) für Scorpio | Eröffnung: Sizilianisch, Alapin Variante 2.c3 Sf6 | Buchzüge: 4 von Scorpio, 2 von Mach III | Partieverlauf: Der Scorpio 68000 sel. 4 holt weniger als gar nichts aus seiner zurückhaltenden Eröffnung. Der Gegner erhält gar einen minimalen Vorteil. Dann kommt etwas Pech hinzu. Sein Zug Zug 15.Dc2? erweist sich als nicht erkennbarer Verlustzug. Auf einen Schlag spielen alle gegnerischen Figuren optimal zusammen. Und alles geht fast von selbst, wobei der Mach III diesen Fehler auf eine ungemein glasklare Art und Weise bestraft und dem Gegner nicht den Hauch einer Chance lässt, sich zu erholen. Eine äusserst saubere Leistung des amerikanischen Programms von Kathe & Dan Spracklen. Mit dieser Niederlage erhöht sich der Matchrückstand für den Scorpio 68000 sel. 4 auf 3 Punkte.} 2. c3 Nf6 {***ENDE BUCH*** Stockfish 17.1 Bewertung: = 0.06(51%)/41} 3. Bd3 {Solch ein Zug im Buch unserer Oldies sollte "verboten" sein.} Nc6 4. Nf3 {***ENDE BUCH*** Stockfish 17.1 Bewertung: -0.10(49%)/63} d5 5. exd5 {Unüblich in der sonst schon selten gespielten Variante mit 3.Ld3, so dass nun bereits Schwarz leicht im Vorteil ist. Die weisse Bilanz von 19% für Weiss in der Online Datenbank von ChessBase sagt alles. Deshalb verdient 5.e5 den Vorzug.} (5. e5 Nd7 (5... c4 $5) 6. Bb5 Nb6 ({interessant} 6... Ndb8 $5) ({oder} 6... Qb6 $5) 7. d4 cxd4 8. Nxd4 Qc7 $11 {½- (53) ½ (53) Martinez Alcantara,J (2612)-Caruana,F (2805) Chess.com INT 2024}) 5... Qxd5 6. Be2 e5 $15 7. d3 Be7 8. Nbd2 O-O 9. O-O Rd8 {Ein Traum für jeden Schwarzspieler, in so wenigen Zügen eine so befriedigende Stellung zu erhalten: Vorteile im Zentrum, freies Figurenspiel, bessere Entwicklung.} 10. Nc4 Be6 {Die Engine schlägt 10...b5 und 10...h6 als Bestezüg vor.} 11. Ng5 (11. Ne3 Qd7 12. Ng5 $11 {ist leicht stärker}) 11... e4 $15 {Mit diesem Vorstoss erhält Schwarz geringen Vorteil.} 12. Nxe6 Qxe6 13. f4 b5 14. Ne3 Rac8 {[#]} 15. Qc2 $2 {[%mdl 32768] Schlicht ein ***VERLUSTZUG***, nicht erkennbar für den Scorpio 68000 sel. 4, ebenso wenig wie für den Gegner. Dumm ist nur, dass sich die Gewinnstellung fast von selbst spielt und sich der schwarze Vorteil aus Sicht der beiden Oldies fast bei jedem Zug vergrössert.} (15. a4 a6 16. axb5 axb5 17. g4 exd3 18. Bxd3 g6 $15) 15... Nd4 $1 {Die Einleitung zu einer Machtdemonstration des Mach III: +0.55 (cxd4).} 16. cxd4 cxd4 {Mach III: +0.71 (Db3)} 17. Qb3 Qxb3 {Mach III: +0.46 (axb3)} 18. axb3 exd3 {Mach III: +1.07 (Lxd3)} (18... dxe3 19. Bxe3 exd3 $19 {ist gleichwertig günstig für Schwarz}) 19. Bxd3 dxe3 {Mach III: +1.40 (Lxb5)} 20. Bxb5 Bc5 {Mach III: +1.70 (Kh1)} 21. Kh1 Ne4 {Mach III: +1.73 (b4)} 22. b4 Bd4 {Mach III: +1.79 (Tf3)} 23. Re1 Nf2+ {Mach III: +2.23 (Kg1)} 24. Kg1 e2 $1 {Mach III: +2.16 (Lxe2)} 25. Bxe2 Nd3+ {Mach III: +2.41 (Kf1)} 26. Kf1 Nxe1 {Mach III: +2.61 (Kxe1)} 27. Kxe1 Rc2 {Mach III: +2.79 (g3)} 28. Rb1 Re8 $1 {Mach III: +3.14 (Ld2)} 29. Bd2 Be3 {Mach III: +2.71 (Lb5)} 30. Bb5 (30. Rd1 Bxf4 31. b3 h5 $19) 30... Bxd2+ 31. Kd1 Rec8 {Schwarz lässt in der Folge nichts mehr anbrennen.} 32. Bd3 Rc1+ 33. Kxd2 Rxb1 34. Bxb1 Rc4 35. g3 Rxb4 {Der Kampf ist endgültig entschieden.} 36. Kc3 Rb6 37. Bd3 Rh6 38. h4 Rc6+ 39. Kd4 h5 40. b4 Rb6 41. Kc5 Re6 42. Kd4 Kf8 43. Be4 Ke7 44. f5 Rb6 45. Kc5 Ra6 46. Kc4 Kf6 47. Bf3 Ra3 48. Bxh5 Rxg3 49. Bd1 Kxf5 50. Kd4 Rh3 51. h5 Kg5 52. Kc4 f5 (52... Rxh5 {gewinnt ebenfalls, nach} 53. Bxh5 Kxh5 {im Bauernendspiel}) 53. Kd4 f4 54. Ke4 Ra3 55. b5 Rc3 56. Kd4 Re3 57. h6 gxh6 58. Bc2 Re1 59. Be4 Kg4 60. Bd5 Rd1+ 61. Ke4 {***AUFGEGEBEN***} 0-1

[Event "Match 81__120'/40"]
[Site "Zürich"]
[Date "2025.??.??"]
[Round "28"]
[White "Fidelity Excel Mach III"]
[Black "Scorpio 68000 sel. 4"]
[Result "1/2-1/2"]
[Annotator "Utzinger,K"]
[WhiteElo "2020"]
[BlackElo "2043"]
[PlyCount "70"]
[EventDate "2025.??.??"]

{[%evp 0,70,18,22,12,-32,3,-13,-20,-5,42,29,5,-2,10,12,12,-15,-47,-12,2,9,35,18,24,9,14,14,46,46,11,-3,3,-7,-12,-29,-28,-40,-20,0,-14,-60,-36,-43,-29,-12,-11,-30,-23,-26,-17,-17,153,-68,-91,-80,-88,-83,-9,-88,-4,0,-10,-10,-16,-16,-16,-16,-13,-7,-2,-4,-2]} 1. e4 e5 {Match 120'/40 | Bediener: Rolf Bühler | Kommentator: Kurt Utzinger | 28. Partie: Remis | Zwischenstand: 15½-12½ (55,5%) für Mach III | Stand hypothetisch: 15-13 (53,5%) für Scorpio | Eröffnung: Königsgambit, abgelehnt 2...Lc5 | Buchzüge: 12 von Scorpio, 12 von Mach III | Partieverlauf: Eine äusserst ruhige Partie endet Unentschieden. Nur einmal hätte Schwarz (Scorpio) leichten Vorteil erhalten können.} 2. f4 {Sam Collins, "Schacheröffnungen richtig verstehen" schreibt dazu: Das Königsgambit hat seine besten Tage wohl hinter sich. Während 2.f4 von den Gentlemen des 19. Jahrhunderts obligatorisch angesehen wurde, hat die Eröffnung im Laufe der Zeit und mit der verbesserten Verteidigungstechnik eine horrende Reputation entwickelt, bis zu dem Punkt, wo sogar die wildesten Angriffsspieler von heute sie gering schätzen. Shirov hat diesen Zug als fragwürdig" bezeichnet, während Morosewitsch seine Wahl 2.Sf3 so kommentiert: "Früher habe ich mit 2.f4 einen Bauern eingestellt, aber inzwischen bin ich erwachsen geworden." Das Königsgambit ist immer noch eine akzeptable Eröffnung, aber gegen einen gut gerüsteten Verteidiger ist weder ein Vorteil noch ein Angriff garantiert.} Bc5 {Wer sich weniger auskennt im Königsgambit und die teilweise ultrascharfen Varianten vermeiden will, der lehnt das Gambit ab (Utzinger,K). Die klassische Ablehnung mittels 2. … Lf8–c5 ist eine der beliebtesten. Typische Pläne für Schwarz beinhalten: den Springer f3 zu fesseln mittels … Lc8–g4, was mit … Sc6–d4 kombiniert werden kann. | ein früher Angriff mit … Sf6–g4 | den Abtausch des Läufers c4 gegen den Springer mittels … Sc6–a5 oder … Lc8–e6 | den Vorstoß d6–d5. Die Pläne des Weißen beinhalten: einen Figurenangriff am Königsflügel insbesondere mittels Dg3 zum Teil auch verbunden mit dem Opfer … Sxc2 was den Turm a1 verliert. | ein Bauernsturm am Königsflügel | Abtausch des Läufers c5 mit Sc3–a4, gefolgt von c2–c3 was den Punkt d4 kontrolliert (Wikipedia).} (2... d5 {Diese Fortsetzung, das «Falkbeer Gegengambit», die in Verbindung mit dem Bauernopfer e5-e4 im Jahre 1850 von dem österreichischen Meister Falkbeer empfohlen wurde, stellt keine gewöhnliche Ablehnung des weissen Gambits dar, sondern einen Gegenangriff. Da dieser Gegenangriff ohne Zweifel sehr gefährlich ist, begegnen wir hier einer der wichtigsten Varianten des Königsgambits. Schwarz will nach 3.exd5 mit 3...e4 fortsetzen; die Lage, die danach entsteht, wurde von Réti treffend gekennzeichnet: "Was erreicht Schwarz mit dem Gegengambit? In erster Linie eine völlige Vereitelung der Pläne, die Weiss bei der Wahl des Königsgambits hegte. Sowohl die Öffnung der f-Linie als auch der Aufbau eines Bauernzentrums wird gründlich verhindert. Bauer f4 richtet nichts mehr aus, während Bauer e4 einen gewissen Druck auf die weisse Stellung ausübt." Das sind Tatsachen, denen wir uns nicht verschliessen dürfen, aber man würde doch zu weit gehen, wenn man das «Falkbeer Gambit» als Widerlegung des Königsgambits betrachten wollte. Schliesslich gibt es auch einige Tatsachen, die eine andere Sprache reden; der nutzlos gewordene f-Bauer ist ein Mehrbauer, und der Vorpostenbauer e4 kann leicht ausgeschaltet werden. Alles in allem halten sich im Falkbeer Gegengambit die Chancen für Weiss und Schwarz die Waage (Dr. Max Euwe: Theorie der Schacheröffnungen, 2. Auflage 1968).} 3. exd5 e4 {und die Bewertung bei Suchtiefe 55 von Stockfish 17.1 bestätigt die 57jährige Beurteilung des ehemaligen Schachweltmeisters: = (0.18) (52%) (+5% =94% -1%) Depth: 55/31. Übrigens würde 3...exf4 4.Sf3 d5 zur "Modernen Verteidigung" führen, die ebenfalls genügend für den Ausgleich ist.}) 3. Nf3 {Andere Fortsetzungen ausser 3.Sc3 kommen kaum in Betracht:} (3. fxe5 $4 Qh4+ {und gewinnt}) (3. c3 d5 $17 {schwarzer Vorteil}) 3... d6 4. c3 {Üblich und am stärksten:} (4. d4 exd4 5. Nxd4 Nf6 $17) (4. b4 Bxb4 $11) (4. Nc3 Nf6 5. Bc4 Nc6 6. d3 $11) 4... Nf6 5. fxe5 (5. d4 exd4 6. cxd4 Bb6 $11) 5... dxe5 6. Nxe5 Qe7 7. d4 Bd6 8. Nf3 Nxe4 9. Be2 O-O 10. O-O c5 (10... Nd7 11. Nbd2 Nxd2 12. Bxd2 Nf6 $11) 11. Nbd2 Nxd2 12. Bxd2 {***ENDE BUCH***} cxd4 {***ENDE BUCH*** Stockfish 17.1 Bewertung: 0.00(50%)/51} 13. cxd4 ({Nichts spricht auch gegen} 13. Nxd4 Nc6 14. Nxc6 Qh4 (14... bxc6 $11) 15. g3 Bxg3 16. Ne7+ Kh8 17. hxg3 Qxg3+ {und Dauerschach}) 13... Bg4 14. h3 Bh5 15. Rc1 Nc6 16. Bg5 f6 17. Bh4 Bf4 18. Rc3 Rad8 $15 {Schwarz steht leicht besser.} 19. Re1 {Droht, durch Lc4+ die schwarze Dame zu erobern.} Qd6 20. Qb3+ Kh8 21. Qxb7 $2 $17 {Einleitung zu einer ungünstigen Abwicklung.} Nxd4 $2 {Verpasst seine Chance auf Vorteil.} (21... Bxf3 $1 22. Bxf3 Nxd4 23. Bg4 h5 24. Bxh5 Bd2 25. Re4 (25. Re7 $2 Nf5 $19) 25... Bxc3 26. bxc3 Rb8 27. Qxa7 Rb1+ 28. Re1 {erzwungen} (28. Be1 $2 Nc2 $19) ({oder} 28. Kf2 $2 Nf5 29. Bg4 Qd2+ (29... Nxh4 $19 {gewinnt auch}) 30. Be2 Rc8 31. c4 Qe1+ 32. Kf3 Nxh4+ {und gewinnt}) 28... Rxe1+ 29. Bxe1 Qe5 30. Qxd4 Qxe1+ 31. Kh2 Qe5+ 32. Qxe5 fxe5 $15) 22. Nxd4 Qxd4+ 23. Bf2 Bh2+ 24. Kf1 Bxe2+ 25. Rxe2 (25. Kxe2 Rfe8+ 26. Be3 Rd5) 25... Qa4 26. a3 Rd1+ 27. Be1 Qd4 28. Rce3 Qf4+ 29. Rf3 Qc7 30. Qxc7 Bxc7 31. Rb3 Bb6 32. Rd2 Rb1 33. Re2 Rd1 34. Rd2 Rb1 35. Re2 Rd1 {***3x REMIS***} 1/2-1/2